| 000 | 02510cam a22003734i 4500 | ||
|---|---|---|---|
| 003 | PE-LiUPU | ||
| 005 | 20250811105118.0 | ||
| 008 | 1964s1964 it a rb 000 0 lat d | ||
| 020 | _aN/A | ||
| 035 | _aPE-LiUPU37004 | ||
| 040 |
_aPE-LiUPU _blat _cPE-LiUPU _erda |
||
| 041 | 1 |
_agre _alat _hgre |
|
| 082 |
_a220.52037 _bM563n _223 |
||
| 100 |
_aMerk, Augustinus, _eeditor. _d1890-1983, _96319 |
||
| 245 | 1 | 0 |
_aNovum Testamentum : _bgraece et latine / _ceditor Augustinus Merk S.J. |
| 250 | _aEditio nona. | ||
| 264 | 1 |
_aRomae : _bSumptibus Pontificii Instituti Biblici, _c1964. |
|
| 300 |
_aLXXXVII, 875 páginas ; _c21 cm |
||
| 336 |
_atext _2rdacontent |
||
| 337 |
_aunmediated _2rdamedia |
||
| 338 |
_avolume _2rdacarrier |
||
| 500 | _aTexto del Nuevo Testamento en griego y latín en páginas opuestas; incluye aparato crítico. | ||
| 500 | _aReimpresión en Austria por Akademische Druck- und Verlagsanstalt – Graz. | ||
| 504 | _aIncluye secciones paralelas, apéndice de lecciones del papiro y notas de correcciones. | ||
| 505 | 0 | _aDedicatio -- Praefatio -- Prolegomena -- Κατα Ματθαιον -- Κατα Μαρκον -- Κατα Λουκαν -- Κατα Ιωαννην -- Πραξεις Αποστολων -- Προς Ρωμαιους -- Προς Κορινθιους αʹ -- Προς Κορινθιους βʹ -- Προς Γαλατας -- Προς Εφεσιους -- Προς Φιλιππησιους -- Προς Κολοσσαεις -- Sectiones et Canones Eusebii ad Mt -- Appendix: Lectiones ex papyris -- Addenda et corrigenda -- Index. | |
| 505 | 0 | _aΠρος Θεσσαλονικεις αʹ -- Προς Θεσσαλονικεις βʹ -- Προς Τιμοθεον αʹ -- Προς Τιμοθεον βʹ -- Προς Τιτον -- Προς Φιλημονα -- Προς Εβραιους -- Ιακωβου επιστολη -- Πετρου αʹ -- Πετρου βʹ -- Ιωαννου αʹ -- Ιωαννου βʹ -- Ιωαννου γʹ -- Ιουδα -- Αποκαλυψις Ιωαννου -- Sectiones et Canones Eusebii ad Mt -- Appendix: Lectiones ex papyris -- Addenda et corrigenda -- Index. | |
| 630 | 0 |
_aBiblia. _pNuevo Testamento _lGriego. _96316 |
|
| 630 | 1 | 4 |
_aBiblia. _xNuevo Testamento _lLatín. _96320 |
| 700 |
_aMacKenzie, R.A.F., _eimpresión. _96321 |
||
| 710 |
_aPontificium Institutum Biblicum, _eeditor. _96322 |
||
| 710 |
_aAkademische Druck- und Verlagsanstalt, _eimpresor. _96323 |
||
| 942 |
_2ddc _cBK |
||
| 980 |
_818226 _gJaime Vilcazán Jefe de Análisis Documental |
||
| 999 |
_c41517 _d41517 |
||